000 00739nam a2200217Ii 4500
003 JO-AjNU
008 230605s9999||||xx |||||||||||||| ||und||
017 _a2002/8/1951
040 _aJO-AjNU
_bara
_erda
_cJO-AjNU
041 _aara
050 1 4 _aLB1025.3.S2552 2002
100 3 _aخلف الله،سلمان,
_eauthor
_922108
245 0 0 _aالمرشد في التدريس: صياغة أهداف/طرائق تدريس/إعداد دروس نموذجية
250 _aط1
264 3 1 _aعمان:جهينة للنشر والتوزيع،2002
300 _a456ص
_bجداول
336 _atext
_btxt
_2rdacontent
337 _aunmediated
_bn
_2rdamedia
338 _avolume
_bnc
_2rdacarrier
650 4 _aتدريس-أساليب
_922109
999 _aA7794
_c11362
_d11362